000
00316nam a22001457a 4500
003
SGT
020
_a
9788174366580
082
_a
920
_b
G08B
100
_a
BHATIA, SHYAM
245
_a
GOODBYE SHAHZADI: A POLITICAL BIOGRAPHY
260
_b
ROLI BOOKS
_c
2008
300
_a
130
650
_a
BIOGRAPHY
942
_2
ddc
_c
BK
999
_c
28185
_d
28185